|
|
|
|
| LEADER |
00000nam a2200000 a 4500 |
| 001 |
vtls001400896 |
| 003 |
SK-MaSNL |
| 005 |
20260425231955.0 |
| 008 |
240318s2000 xo ap rd d 0 slo |
| 015 |
|
|
|a SNBA2001/02-00370
|
| 020 |
|
|
|a 8071652342
|
| 035 |
|
|
|a SNK000355384
|
| 035 |
|
|
|a urn:nbn:sk:snk-amk37m
|
| 035 |
|
|
|a urn:nbn:sk:snk-am005884
|
| 035 |
|
|
|a 044F7CFE-2E5E-4FAA-A743-0F84D95B70A9
|
| 040 |
|
|
|a SNK
|b slo
|c SNK
|e AACR2
|
| 041 |
0 |
|
|a slo
|
| 044 |
|
|
|a xo
|c SK
|
| 080 |
|
|
|a 26/28(437.6)"1969/1989"
|2 1981
|
| 100 |
1 |
|
|a Šimulčík, Ján,
|d 1970-
|4 aut
|9 117755
|
| 245 |
1 |
0 |
|a Zápas o nádej
|b z kroniky tajných kňazov 1969-1989
|c Ján Šimulčík
|
| 260 |
|
|
|a Prešov
|b Michal Vaško
|c c2000
|
| 300 |
|
|
|a 212 s.
|b fotogr., tab.
|c 21 cm
|
| 504 |
|
|
|a Men. reg.
|
| 610 |
2 |
7 |
|a Katolícka cirkev
|2 SNK
|9 206702
|
| 648 |
|
7 |
|a 1969-1989
|2 SNKPH
|9 284676
|
| 650 |
0 |
7 |
|a cirkevné dejiny
|2 SNK
|9 3909
|
| 651 |
|
7 |
|a Slovensko
|2 SNK
|9 14231
|
| 655 |
|
7 |
|a monografie
|2 SNK
|9 70139
|
| 919 |
|
|
|a 80-7165-234-2
|
| 958 |
|
|
|a TL
|
| 958 |
|
|
|a NT
|
| 958 |
|
|
|a BX
|
| 999 |
|
|
|c 724549
|d 726479
|
| 952 |
|
|
|t P60, <03>, [BOOK], {603}
|a SNK
|b SNK
|y PREZ
|7 0
|p 17A0260012
|o snkSC 103270
|i snkKSP 12117/2000
|0 0
|1 0
|4 0
|d 2000-11-21
|f 1
|l 0
|r 2025-09-24 00:00:00
|w 2026-02-23
|
| 952 |
|
|
|t P60, <04>, [BOOK], {604}
|a SNK
|b SNK
|y VYP
|7 0
|p 17A0260013
|o snkSC 103270 D1
|i snkKSP 12118/2000
|0 0
|1 0
|4 0
|d 2000-11-21
|l 0
|r 2005-01-02 00:00:00
|w 2026-02-23
|